[Event "GER-ch U12 Girls"]
[Site "Willingen"]
[Date "2019.06.13"]
[Round "7"]
[White "Ding, Tina"]
[Black "Petrosyan, Ani"]
[Result "1-0"]
[WhiteElo "1180"]
[BlackElo "1378"]
[PlyCount "67"]
[EventDate "2019.06.08"]
[EventType "swiss"]
[EventRounds "9"]
[EventCountry "GER"]
[SourceTitle "CBM 191 Extra"]
[Source "ChessBase"]
[SourceDate "2019.09.30"]
[SourceVersion "1"]
[SourceVersionDate "2019.09.30"]
[SourceQuality "1"]

1. e4 c6 2. d4 d5 3. e5 c5 4. c3 Nc6 5. Nf3 Bg4 6. h3 Bxf3 7. gxf3 cxd4 8. cxd4 e6 9. Be3 Bb4+ 10. Nc3 Nge7 11. Bd3 0-0 12. Rg1 Ng6 13. a3 Ba5 14. b4 Bb6 15. Ne2 Rc8 16. Rc1 Qd7 17. Qd2 Nce7 18. Rxc8 Rxc8 19. Nf4 Qc7 20. Ke2 Kh8 21. Nh5 Qc3 22. Bh6 gxh6 23. Qxh6 Qb2+ 24. Kd1 Qa1+ 25. Kd2 Qb2+ 26. Kd1 Qb3+ 27. Ke2 Rg8 28. Rg4 Qb2+ 29. Ke1 Bxd4 30. Qg5 Qxf2+ 31. Kd1 Bxe5 32. Bxg6 fxg6 33. Qxe5+ Rg7 34. Qxg7# 1-0

[Event "GER-ch U12 Girls"]
[Site "Willingen"]
[Date "2019.06.12"]
[Round "5"]
[White "Ding, Tina"]
[Black "Fischer, Darja"]
[Result "0-1"]
[WhiteElo "1180"]
[BlackElo "1480"]
[PlyCount "88"]
[EventDate "2019.06.08"]
[EventType "swiss"]
[EventRounds "9"]
[EventCountry "GER"]
[SourceTitle "CBM 191 Extra"]
[Source "ChessBase"]
[SourceDate "2019.09.30"]
[SourceVersion "1"]
[SourceVersionDate "2019.09.30"]
[SourceQuality "1"]

1. e4 c5 2. c4 Nc6 3. Nc3 d6 4. g3 Nf6 5. d3 g6 6. Bg2 Bg7 7. Nge2 0-0 8. 0-0 Rb8 9. Rb1 b6 10. Bf4 Bb7 11. a3 Nd7 12. Qd2 Nde5 13. b4 Qd7 14. b5 Nd8 15. Bh6 f5 16. Bxg7 Kxg7 17. h3 fxe4 18. Nxe4 Bxe4 19. dxe4 Nf3+ 20. Bxf3 Rxf3 21. Qb2+ e5 22. Kg2 Rf6 23. f4 Nf7 24. Rbd1 Qe6 25. g4 Qxc4 26. Ng3 Kg8 27. fxe5 Rxf1 28. Rxf1 dxe5 29. Rd1 Qe6 30. Rd5 Rd8 31. Rxd8+ Nxd8 32. Kf3 Nf7 33. h4 Qc4 34. Ne2 Qd3+ 35. Kf2 Qxe4 36. Kg3 c4 37. Nc3 Qd3+ 38. Kf2 Nh6 39. g5 Ng4+ 40. Kg2 Ne3+ 41. Kf2 Qxc3 42. Qe2 Nf5 43. Qg4 Qd2+ 44. Kf3 Qd1+ 0-1

[Event "GER-ch U12 Girls"]
[Site "Willingen"]
[Date "2019.06.09"]
[Round "2"]
[White "Peglau, Dora"]
[Black "Ding, Tina"]
[Result "1/2-1/2"]
[WhiteElo "1336"]
[BlackElo "1180"]
[PlyCount "78"]
[EventDate "2019.06.08"]
[EventType "swiss"]
[EventRounds "9"]
[EventCountry "GER"]
[SourceTitle "CBM 191 Extra"]
[Source "ChessBase"]
[SourceDate "2019.09.30"]
[SourceVersion "1"]
[SourceVersionDate "2019.09.30"]
[SourceQuality "1"]

1. d4 d5 2. c4 e6 3. Nc3 Nf6 4. Nf3 Nbd7 5. cxd5 exd5 6. Bg5 g6 7. Nxd5 Bg7 8. e4 c6 9. Nxf6+ Bxf6 10. Bxf6 Nxf6 11. Qc2 0-0 12. Bc4 Re8 13. Ng5 Qa5+ 14. Qd2 Qxd2+ 15. Kxd2 Nxe4+ 16. Nxe4 Rxe4 17. Kd3 Bf5 18. g4 Rxg4+ 19. Kc3 Rd8 20. Rad1 Rf4 21. Rd2 a5 22. Re1 b5 23. Bf1 b4+ 24. Kc4 Be6+ 25. Kc5 Bxa2 26. Ra1 Be6 27. Rxa5 Rd5+ 28. Kxb4 Rfxd4+ 29. Rxd4 Rxd4+ 30. Kc3 Rf4 31. Bg2 Rxf2 32. Bxc6 Rf4 33. Rc5 f5 34. b4 Rf1 35. b5 Rc1+ 36. Kd4 Rb1 37. Ke5 Kf7 38. Bb7 Re1+ 39. Kd6 Rd1+ 1/2-1/2